000 00778nam a22002297a 4500
005 20140606125155.0
008 140606b xxu||||| |||| 00| 0 spa d
041 _aspa
044 _aec
082 0 4 _a986.90
090 _aFG
245 0 0 _aComunidad Tsáchila
260 _aQuito, (Ecuador)
_bInstituto Ecuatoriano de la Propiedad Intelectual
_c2014
300 _a13 p.
_bfot, color, realia
_c30 cm.
505 _aPoblación y organización social. Relación con la naturaleza Prácticas lúdicas Prácticas alimenticias
546 _aEn Español y Tsafiqu
650 6 _aIndígenas de Ecuador
_xvida y costumbres
_924351
650 6 _aCultura tsachila
_924352
700 0 _aAviles, Manuel
_efot.
_924353
700 0 _aCalazacón, Henrry
_etr.
_924354
942 _2z
_cFolleto
999 _c8471
_d8471